000 00650nam a22001937a 4500
999 _c15171
_d15171
003 AR-CdUCM
008 190426b ||||| |||| 00| 0 spa d
020 _a978-607-16-0039-4
040 _aMUNICIPALIDAD PROVINCIAL DEL CUSCO
_cBIBLIOTECA MUNICIPAL DEL CUSCO
082 _aPI / 869.1 /
_bF25
100 _aFarr, Jonathan
_926757
245 _aPlip & Charly en te da miedo la oscuridad /
260 _aMéxico :
_bFondo de cultura económica,
_c2009.
300 _a27 páginas ;
_bIlustraciones,
_c24 cm.
650 _aLiteratura infantil
_9588
700 _aBellorin, Brenda (traducción)
_934198
942 _2ddc
_cLIBROS
945 _aacv
_d2019-04-26